Catálogo
 En Linea

Dos textos de Andres Bello en la junta central de vacuna, Caracas, 1807-1808. (Registro nro. 17688)

Detalles MARC
000 -CABECERA
campo de control de longitud fija 01296cam a2200301 i 4500
001 - NÚMERO DE CONTROL
campo de control 000018167
005 - FECHA Y HORA DE LA ÚLTIMA TRANSACCIÓN
campo de control 20200929165401.0
008 - DATOS DE LONGITUD FIJA--INFORMACIÓN GENERAL
campo de control de longitud fija 800627s1979 ve b 000 0 spa d
040 ## - FUENTE DE LA CATALOGACIÓN
Centro catalogador/agencia de origen DO-SdBNP
Lengua de catalogación spa
Centro/agencia transcriptor LC
Centro/agencia modificador BNPHU
050 00 - SIGNATURA TOPOGRÁFICA DE LA BIBLIOTECA DEL CONGRESO
Número de clasificación RA644.S6
Número de documento/Ítem B44 1979
082 ## - NÚMERO DE LA CLASIFICACIÓN DECIMAL DEWEY
Número de clasificación nn*
Número de documento/Ítem B447
049 ## - FONDOS LOCALES (OCLC)
Fondos de biblioteca BNGR
240 10 - TÍTULO UNIFORME
Título uniforme Reglas que pueden servir a la creacion, forma y primeras funciones de las juntas subalternas de vacuna
245 00 - MENCIÓN DE TÍTULO
Título Dos textos de Andres Bello en la junta central de vacuna, Caracas, 1807-1808.
260 ## - PUBLICACIÓN, DISTRIBUCIÓN, ETC.
Lugar de publicación, distribución, etc. Caracas :
Nombre del editor, distribuidor, etc. Casa de Bello,
Fecha de publicación, distribución, etc. 1979.
300 ## - DESCRIPCIÓN FÍSICA
Extensión 31 p. ;
Dimensiones 23 cm.
504 ## - NOTA DE BIBLIOGRAFÍA, ETC.
Nota de bibliografía, etc. Incluye referencias bibliográficas.
610 20 - PUNTO DE ACCESO ADICIONAL DE MATERIA--NOMBRE DE ENTIDAD CORPORATIVA
Nombre de entidad corporativa o nombre de jurisdicción como elemento de entrada Junta Central de Vacuna (Venezuela)
Subdivisión general History
-- Sources.
9 (RLIN) 39367
650 #0 - PUNTO DE ACCESO ADICIONAL DE MATERIA--TÉRMINO DE MATERIA
Término de materia o nombre geográfico como elemento de entrada Smallpox
Subdivisión general Vaccination
Subdivisión geográfica Venezuela
Subdivisión general History
Subdivisión cronológica 19th century
Subdivisión general Sources.
9 (RLIN) 39368
650 #0 - PUNTO DE ACCESO ADICIONAL DE MATERIA--TÉRMINO DE MATERIA
Término de materia o nombre geográfico como elemento de entrada Vaccination
Subdivisión geográfica Venezuela
Subdivisión general History
Subdivisión cronológica 19th century
Subdivisión general Sources.
9 (RLIN) 39369
650 #0 - PUNTO DE ACCESO ADICIONAL DE MATERIA--TÉRMINO DE MATERIA
Término de materia o nombre geográfico como elemento de entrada Vaccination
Subdivisión general Law and legislation
Subdivisión geográfica Venezuela.
9 (RLIN) 39370
650 #0 - PUNTO DE ACCESO ADICIONAL DE MATERIA--TÉRMINO DE MATERIA
Término de materia o nombre geográfico como elemento de entrada Vaccination
Subdivisión geográfica Venezuela
Subdivisión general Finance.
9 (RLIN) 39371
610 20 - PUNTO DE ACCESO ADICIONAL DE MATERIA--NOMBRE DE ENTIDAD CORPORATIVA
Nombre de entidad corporativa o nombre de jurisdicción como elemento de entrada Junta Central de Vacuna (Venezuela)
9 (RLIN) 39372
700 12 - PUNTO DE ACCESO ADICIONAL--NOMBRE DE PERSONA
Nombre de persona Bello, Andres,
Fechas asociadas al nombre 1781-1865.
9 (RLIN) 18145
710 1# - PUNTO DE ACCESO ADICIONAL--NOMBRE DE ENTIDAD CORPORATIVA
Nombre de entidad corporativa o nombre de jurisdicción como elemento de entrada Comisión Nacional para la Celebración del Bicentenario de Don Andres Bello
9 (RLIN) 6771
710 1# - PUNTO DE ACCESO ADICIONAL--NOMBRE DE ENTIDAD CORPORATIVA
Nombre de entidad corporativa o nombre de jurisdicción como elemento de entrada Fundación la Casa de Bello
9 (RLIN) 6770
910 ## - DATOS DE OPCIÓN DEL USUARIO (OCLC)
Datos de opción del usuario Catalogación derivada
Existencias
Estado de retiro Estado de pérdida Restricciones de uso No para préstamo Código de colección Localización permanente Ubicación/localización actual Ubicación en estantería Fecha de adquisición Número de inventario Total de préstamos Signatura topográfica completa Código de barras Fecha visto por última vez Precio válido a partir de Tipo de ítem Koha
        Monografías: Libros y Folletos General General En catalogación 16.04.2010 LF1   nn* B447 18167-10 25.06.2020 25.06.2020 Préstamo en sala

Con tecnología Koha